[Event "V4 OPEN - International Championship of Slovakia 2
[Site "Banska Stiavnica"]
[Date "2013.07.08"]
[Round "3"]
[Board "56"]
[White "Gallik, Dalibor"]
[Black "Sturc, Gustav"]
[Result "1/2-1/2"]
[WhiteElo "1755"]
[BlackElo "2047"]
[PlyCount "153"]
[EventDate "2013.07.06"]
[EventRounds "9"]
[EventCountry "SVK"]

1. e4 e5 2. d4 exd4 3. c3 d3 4. Bxd3 Bc5 5. Nf3 d6 6. a4 a5 7. Qc2 Nc6 8. Nbd2
Bg4 9. Nb3 Bb6 10. Nfd4 Ne5 11. Bf1 Ne7 12. h3 Bd7 13. Be3 O-O 14. f4 N5g6 15.
Bd3 Qe8 16. Nd2 Nd5 17. Nc4 Nxe3 18. Nxe3 Nxf4 19. O-O Nxd3 20. Qxd3 c5 21. Nd5
Ba7 22. Qg3 Kh8 23. Nf5 Bxf5 24. exf5 Qe5 25. Qf3 Rae8 26. f6 gxf6 27. Rae1 c4+
28. Kh1 Qg5 29. Rxe8 Rxe8 30. Nxf6 Re6 31. Nxh7 Qg7 32. Nf6 Qg6 33. Ng4 Re7 34.
Qd5 Kg7 35. Qxc4 f5 36. Qf4 Rf7 37. Nh2 Bc5 38. Nf3 Qh6 39. Nh4 Qxf4 40. Rxf4
Kh6 41. Rxf5 Re7 42. Rd5 Re2 43. Nf5+ Kg6 44. Nxd6 Bf2 45. g4 Rxb2 46. Rxa5 Be1
47. Rb5 Ra2 48. a5 Bxc3 49. Nxb7 Bd4 50. h4 Be3 51. h5+ Kh6 52. Nd6 Bf4 53.
Nf7+ Kg7 54. Rf5 Bd2 55. h6+ Kg6 56. Rf6+ Kh7 57. Ng5+ Bxg5 58. Re6 Rxa5 59.
Re4 Ra2 60. Kg1 Kxh6 61. Rc4 Bh4 62. Re4 Kg5 63. Rc4 Bg3 64. Kf1 Bf4 65. Ke1
Kxg4 66. Rd4 Kf3 67. Rd3+ Be3 68. Kd1 Ke4 69. Rb3 Kd4 70. Ke1 Bf2+ 71. Kf1 Ke4
72. Rh3 Bd4 73. Rg3 Rh2 74. Rg2 Rh1+ 75. Ke2 Rh3 76. Rg8 Rb3 77. Rf8 1/2-1/2

[Event "V4 OPEN - International Championship of Slovakia 2
[Site "Banska Stiavnica"]
[Date "2013.07.08"]
[Round "3"]
[Board "57"]
[White "Marczuk, Dominik"]
[Black "Vitek, Matej"]
[Result "1-0"]
[WhiteElo "2043"]
[BlackElo "1771"]
[PlyCount "103"]
[EventDate "2013.07.06"]
[EventRounds "9"]
[EventCountry "SVK"]

1. e4 e6 2. d4 d5 3. Nd2 Nf6 4. e5 Nfd7 5. c3 c5 6. f4 cxd4 7. cxd4 Nc6 8. Ndf3
Bb4+ 9. Kf2 f6 10. g3 O-O 11. Kg2 fxe5 12. fxe5 Nb6 13. Bd3 Be7 14. a3 Bd7 15.
Ne2 Rc8 16. h4 Be8 17. h5 h6 18. Bb1 Rxf3 19. Kxf3 Nd7 20. Kg2 Nf8 21. b4 Qb6
22. Bd3 Kh8 23. Bd2 a6 24. Rc1 Bd7 25. Rf1 Kg8 26. Qe1 Qd8 27. Qf2 Be8 28. Nf4
Na7 29. Ng6 Nxg6 30. Bxg6 Bxg6 31. hxg6 Qe8 32. Rxc8 Nxc8 33. Rc1 Na7 34. Rc7
Nb5 35. Rxb7 Nxa3 36. Rb8 Qxb8 37. Qf7+ Kh8 38. Qxe7 Qc8 39. Kh3 Qg8 40. Kh4
Nb5 41. Qc5 Qd8+ 42. Kh5 Kg8 43. g4 Qe8 44. Be1 Kh8 45. Bh4 Kg8 46. Qb6 Kh8 47.
Qxa6 Nxd4 48. Qa7 Nb5 49. Qb7 Kg8 50. Bf6 Qf8 51. Qxb5 gxf6 52. Qd7 1-0

[Event "V4 OPEN - International Championship of Slovakia 2
[Site "Banska Stiavnica"]
[Date "2013.07.08"]
[Round "3"]
[Board "58"]
[White "Weis, Dusan"]
[Black "Bakalar, Jan"]
[Result "1/2-1/2"]
[WhiteElo "1754"]
[BlackElo "2042"]
[PlyCount "114"]
[EventDate "2013.07.06"]
[EventRounds "9"]
[EventCountry "SVK"]

1. e4 c5 2. c3 d5 3. exd5 Qxd5 4. Nf3 Nf6 5. d4 cxd4 6. cxd4 e6 7. Nc3 Qd8 8.
Bb5+ Bd7 9. Qa4 Be7 10. Bf4 a6 11. Bxd7+ Nbxd7 12. O-O O-O 13. Rac1 b5 14. Qc2
Rc8 15. Qd3 Nb6 16. Rc2 Nbd5 17. Nxd5 Nxd5 18. Bd2 Rxc2 19. Qxc2 Qa8 20. Rc1
Bf6 21. a3 h6 22. h3 Nb6 23. Ne5 Rc8 24. Qb1 Rxc1+ 25. Qxc1 Bxe5 26. dxe5 Qc8
27. Qxc8+ Nxc8 28. Kf1 Nb6 29. b3 Nd7 30. f4 Nc5 31. b4 Na4 32. Be3 Nb2 33. Ke2
Nc4 34. Bc1 Kf8 35. Kd3 Nb6 36. Kd4 Na4 37. g4 g6 38. f5 h5 39. fxe6 fxe6 40.
Ke4 Nc3+ 41. Kf3 hxg4+ 42. hxg4 Na4 43. Be3 Nb2 44. Bh6+ Ke8 45. Ke4 Nc4 46.
Bc1 Kd7 47. Kd4 Nb6 48. Ke4 Nd5 49. Bb2 Kc6 50. Bd4 Kb7 51. Bb2 Kc6 52. Bd4 Kd7
53. Bb2 Kc7 54. Bd4 Kc6 55. Bb2 Kb6 56. Bd4+ Kb7 57. Bb2 Kc6 1/2-1/2

[Event "V4 OPEN - International Championship of Slovakia 2
[Site "Banska Stiavnica"]
[Date "2013.07.08"]
[Round "3"]
[Board "59"]
[White "Turkova, Karolina"]
[Black "Karas, Juraj"]
[Result "1-0"]
[WhiteElo "2018"]
[BlackElo "1732"]
[PlyCount "67"]
[EventDate "2013.07.06"]
[EventRounds "9"]
[EventCountry "SVK"]

1. e4 e6 2. d4 d5 3. Nc3 Bb4 4. e5 Ne7 5. Qg4 Kf8 6. Nf3 c5 7. a3 Bxc3+ 8. bxc3
Qa5 9. Bd2 Qa4 10. Bd3 c4 11. Be2 Qxc2 12. O-O Qg6 13. Qh4 f5 14. exf6 gxf6 15.
Bh6+ Kg8 16. Bf4 Nf5 17. Qh3 Nc6 18. Nh4 Nxh4 19. Qxh4 h5 20. Bf3 Bd7 21. Rfe1
Kf7 22. Bc7 Qf5 23. Qg3 Rag8 24. Qd6 Bc8 25. Re3 h4 26. h3 Re8 27. Rae1 Nd8 28.
Bg4 Qg5 29. Bxd8 Rxd8 30. Bxe6+ Bxe6 31. Qxe6+ Kg6 32. Re5 Qd2 33. Qg4+ Kh6 34.
Rh5# 1-0

[Event "V4 OPEN - International Championship of Slovakia 2
[Site "Banska Stiavnica"]
[Date "2013.07.08"]
[Round "3"]
[Board "61"]
[White "Majsniar, Jan"]
[Black "Ondras, Juraj"]
[Result "0-1"]
[WhiteElo "1309"]
[BlackElo "2016"]
[PlyCount "54"]
[EventDate "2013.07.06"]
[EventRounds "9"]
[EventCountry "SVK"]

1. e4 c5 2. Nf3 d6 3. Bc4 Nf6 4. Nc3 e6 5. d4 cxd4 6. Nxd4 Nc6 7. Bg5 a6 8. O-O
Bd7 9. a3 b5 10. Be2 Be7 11. Bf3 Rc8 12. Na2 Qb6 13. Be3 Qb7 14. Nb4 Ne5 15.
Bg5 a5 16. Nd3 Nxf3+ 17. Nxf3 Qxe4 18. Re1 Qa8 19. b4 O-O 20. h3 Bc6 21. Rc1
Bxf3 22. gxf3 Rc3 23. Ra1 Rfc8 24. Ra2 a4 25. Kg2 Qd5 26. Bd2 Qxa2 27. Bxc3
Rxc3 0-1

[Event "V4 OPEN - International Championship of Slovakia 2
[Site "Banska Stiavnica"]
[Date "2013.07.08"]
[Round "3"]
[Board "62"]
[White "Sosovicka, Juraj"]
[Black "Pipiska, Adam"]
[Result "1-0"]
[WhiteElo "2201"]
[BlackElo "1676"]
[PlyCount "79"]
[EventDate "2013.07.06"]
[EventRounds "9"]
[EventCountry "SVK"]

1. e4 e5 2. Nf3 Nc6 3. d4 exd4 4. Nxd4 Bc5 5. Be3 Bb6 6. Bc4 Nf6 7. Nc3 O-O 8.
O-O Nxe4 9. Nxe4 d5 10. Nxc6 bxc6 11. Bd3 dxe4 12. Bxe4 Ba6 13. Bxc6 Rb8 14.
Bxb6 Qxd1 15. Rfxd1 Rxb6 16. Ba4 Rxb2 17. Rd7 Rc8 18. Bb3 Bb5 19. Re7 a5 20.
Rae1 a4 21. Bxf7+ Kf8 22. Bd5 c6 23. Rf7+ Kg8 24. Rc7+ cxd5 25. Rxc8+ Kf7 26.
Rb8 a3 27. h3 d4 28. Kh2 d3 29. cxd3 Bxd3 30. Ra8 Rxa2 31. Re3 Bf1 32. Raxa3
Rxa3 33. Rxa3 g6 34. g4 Be2 35. Kg3 h5 36. Re3 Bd1 37. Re1 Bc2 38. gxh5 gxh5
39. Kh4 Bg6 40. Kg5 1-0

[Event "V4 OPEN - International Championship of Slovakia 2
[Site "Banska Stiavnica"]
[Date "2013.07.08"]
[Round "3"]
[Board "63"]
[White "Harvan, Richard"]
[Black "Skara, Vladimir"]
[Result "0-1"]
[WhiteElo "2054"]
[BlackElo "2205"]
[PlyCount "92"]
[EventDate "2013.07.06"]
[EventRounds "9"]
[EventCountry "SVK"]

1. c4 c5 2. g3 Nf6 3. Nc3 e6 4. Nf3 b6 5. Bg2 Bb7 6. O-O a6 7. d4 cxd4 8. Nxd4
Bxg2 9. Kxg2 Be7 10. e4 d6 11. b3 O-O 12. Ba3 Qc7 13. Rc1 Nbd7 14. f4 Rfe8 15.
Qf3 Bf8 16. Rfd1 Rab8 17. g4 g6 18. g5 Nh5 19. Nde2 Nc5 20. Bxc5 Qxc5 21. Ng3
Nxg3 22. hxg3 Bg7 23. Na4 Qa3 24. Rc2 Rec8 25. Nc3 b5 26. Nb1 Qa5 27. Nd2 Rc6
28. Rdc1 Rbc8 29. Qd3 Qc7 30. Kf3 Rc5 31. b4 Rc6 32. c5 Bf8 33. Nb3 dxc5 34.
Nxc5 Rd8 35. Qe2 Rc8 36. Qe3 Qa7 37. e5 a5 38. a3 Qa8 39. Kf2 axb4 40. axb4
Bxc5 41. Rxc5 Rxc5 42. Rxc5 Rd8 43. Qc1 Kg7 44. Rc6 Rd3 45. Kg2 Qa2+ 46. Kh3
Qf2 0-1

[Event "V4 OPEN - International Championship of Slovakia 2
[Site "Banska Stiavnica"]
[Date "2013.07.08"]
[Round "3"]
[Board "64"]
[White "Holeczy, Martin"]
[Black "Kalisky, Vladimir"]
[Result "0-1"]
[WhiteElo "2015"]
[BlackElo "2195"]
[PlyCount "116"]
[EventDate "2013.07.06"]
[EventRounds "9"]
[EventCountry "SVK"]

1. d4 d5 2. c4 c5 3. cxd5 Qxd5 4. Nf3 cxd4 5. Nc3 Qa5 6. Nxd4 Nf6 7. g3 e5 8.
Nb3 Qc7 9. Bg2 Bb4 10. Qd3 O-O 11. Bg5 Rd8 12. Qf3 Qc6 13. Qxc6 Nxc6 14. Bxf6
gxf6 15. O-O Bg4 16. e3 Bxc3 17. bxc3 Rac8 18. c4 b6 19. Rfc1 Nb4 20. Bf1 Be6
21. Rc3 Rc7 22. a3 Na6 23. Rac1 Nc5 24. f3 Nxb3 25. Rxb3 Rc5 26. Rb5 Rdc8 27.
Rxc5 Rxc5 28. a4 Ra5 29. Ra1 Kf8 30. Bd3 h6 31. Kf2 Ke7 32. Ke2 Bd7 33. Bc2 Bc6
34. f4 Kd6 35. Kd2 Kc5 36. Kc3 a6 37. Rd1 b5 38. cxb5 axb5 39. axb5 Bxb5 40.
Bb3 Ra3 41. Kb2 Kb4 42. Bxf7 Rxe3 43. Rd2 Bc6 44. fxe5 fxe5 45. Be6 Be4 46. g4
Re1 47. Rf2 Bd3 48. h4 e4 49. g5 Rb1+ 50. Ka2 Kc3 51. Rf8 hxg5 52. hxg5 Rg1 53.
Rc8+ Kd2 54. Bf7 Rxg5 55. Re8 e3 56. Rb8 e2 57. Rb2+ Bc2 58. Bb3 Ra5+ 0-1

[Event "V4 OPEN - International Championship of Slovakia 2
[Site "Banska Stiavnica"]
[Date "2013.07.08"]
[Round "3"]
[Board "66"]
[White "Motuzova, Marta"]
[Black "Chlpik, Martin"]
[Result "0-1"]
[WhiteElo "1825"]
[BlackElo "2125"]
[PlyCount "68"]
[EventDate "2013.07.06"]
[EventRounds "9"]
[EventCountry "SVK"]

1. d4 Nf6 2. c4 c5 3. e3 e6 4. Nf3 b6 5. Be2 Bb7 6. h3 Be7 7. dxc5 bxc5 8. Nc3
Rg8 9. Qb3 Bc6 10. Bd2 Na6 11. a3 Rb8 12. Qc2 Qb6 13. Bc1 g5 14. e4 Qb7 15.
Nxg5 h6 16. e5 hxg5 17. exf6 Bxf6 18. f3 Qc7 19. Be3 Qe5 20. Bf2 Rxb2 21. Qxb2
Qxc3+ 22. Qxc3 Bxc3+ 23. Kd1 Bxa1 24. Kc2 Ba4+ 25. Kb1 Bc3 26. Ka2 Ke7 27. Bg3
f5 28. Rb1 Ba5 29. Be1 Bxe1 30. Rxe1 Rb8 31. Bd3 Kf6 32. Bf1 Rb6 33. g3 Rb3 34.
h4 Rxf3 0-1

[Event "V4 OPEN - International Championship of Slovakia 2
[Site "Banska Stiavnica"]
[Date "2013.07.08"]
[Round "3"]
[Board "67"]
[White "Danada, Tomas"]
[Black "Pereszlenyi, Gejza"]
[Result "1-0"]
[WhiteElo "2085"]
[BlackElo "2021"]
[PlyCount "107"]
[EventDate "2013.07.06"]
[EventRounds "9"]
[EventCountry "SVK"]

1. d4 d5 2. Nf3 Nf6 3. Bf4 e6 4. e3 Be7 5. h3 O-O 6. Nbd2 c5 7. c3 Nbd7 8. Be2
b6 9. O-O Bb7 10. Ne5 Ne4 11. Nxe4 Nxe5 12. Nxc5 Bxc5 13. Bxe5 Be7 14. Bd3 f6
15. Bg3 g6 16. Rc1 Rc8 17. Qe2 Bd6 18. Bxd6 Qxd6 19. f4 Rc7 20. Rce1 f5 21. Rc1
Rfc8 22. Qc2 a6 23. Qb3 b5 24. Rc2 Qe7 25. Kh2 g5 26. g4 Kh8 27. Rg2 gxf4 28.
Rxf4 Rg8 29. Qc2 fxg4 30. Rfxg4 Rxg4 31. Rxg4 e5 32. Qg2 Rc8 33. Qg3 e4 34. Be2
Rf8 35. Qe5+ Qxe5+ 36. dxe5 h5 37. Rg5 Rf2+ 38. Rg2 Rxg2+ 39. Kxg2 h4 40. Bg4
Kg7 41. Kf2 Kf7 42. Bd7 Ke7 43. e6 Kd6 44. Ke2 Bc6 45. Bxc6 Kxc6 46. Kd2 Kd6
47. Kc2 Kxe6 48. Kb3 Kd6 49. Kb4 Kc6 50. Ka5 Kb7 51. b3 Ka7 52. a4 bxa4 53.
Kxa4 Kb6 54. b4 1-0

[Event "V4 OPEN - International Championship of Slovakia 2
[Site "Banska Stiavnica"]
[Date "2013.07.08"]
[Round "3"]
[Board "68"]
[White "Toma, Rudolf"]
[Black "Karas, Marek"]
[Result "1/2-1/2"]
[WhiteElo "2068"]
[BlackElo "2017"]
[PlyCount "49"]
[EventDate "2013.07.06"]
[EventRounds "9"]
[EventCountry "SVK"]

1. d4 d5 2. c4 dxc4 3. Nf3 Nf6 4. e3 e6 5. Bxc4 c5 6. O-O Be7 7. Nc3 Nc6 8. a3
O-O 9. dxc5 Bxc5 10. b4 Be7 11. Bb2 a6 12. Qe2 b5 13. Rfd1 Qb6 14. Bb3 a5 15.
Qxb5 Qxb5 16. Nxb5 axb4 17. axb4 Rb8 18. Na7 Nxa7 19. Rxa7 Bxb4 20. Be5 Rb7 21.
Rxb7 Bxb7 22. h3 Bd5 23. Bxf6 Bxb3 24. Rd4 Bc3 25. Rd3 1/2-1/2

[Event "V4 OPEN - International Championship of Slovakia 2
[Site "Banska Stiavnica"]
[Date "2013.07.08"]
[Round "3"]
[Board "69"]
[White "Diviak, Rudolf"]
[Black "Kotlowski, Tomasz"]
[Result "1/2-1/2"]
[WhiteElo "1799"]
[BlackElo "2063"]
[PlyCount "72"]
[EventDate "2013.07.06"]
[EventRounds "9"]
[EventCountry "SVK"]

1. b4 c6 2. Bb2 Qb6 3. a3 c5 4. Nf3 Nc6 5. Nc3 cxb4 6. Nd5 Qa5 7. e4 e6 8. axb4
Qd8 9. b5 exd5 10. bxc6 dxe4 11. cxd7+ Bxd7 12. Ne5 Nf6 13. Nxd7 Qxd7 14. Ra5
O-O-O 15. Bb5 Qf5 16. Qe2 Kb8 17. Bc3 Bc5 18. O-O Bb6 19. Ra4 h5 20. Ba5 Bxa5
21. Rxa5 a6 22. Rb1 Rd5 23. Rxa6 Kc7 24. Qc4+ Rc5 25. Qxf7+ Nd7 26. Qxf5 Rxf5
27. Rg6 Rf7 28. Bc4 Re7 29. Bd5 Rb8 30. Rg3 Nf6 31. Rc3+ Kd6 32. Bc4 Rc7 33.
Rb6+ Kc5 34. Rb5+ Kd6 35. Rb6+ Kc5 36. Rb5+ Kd6 1/2-1/2

[Event "V4 OPEN - International Championship of Slovakia 2
[Site "Banska Stiavnica"]
[Date "2013.07.08"]
[Round "3"]
[Board "70"]
[White "Milcova, Zuzana"]
[Black "Marczuk, Anna"]
[Result "1-0"]
[WhiteElo "2061"]
[BlackElo "1778"]
[PlyCount "101"]
[EventDate "2013.07.06"]
[EventRounds "9"]
[EventCountry "SVK"]

1. e4 c5 2. c3 d5 3. exd5 Qxd5 4. d4 Nf6 5. Nf3 e6 6. Be2 Be7 7. O-O O-O 8. h3
Nc6 9. Be3 cxd4 10. cxd4 b6 11. Nc3 Qd7 12. Ne5 Nxe5 13. dxe5 Nd5 14. Nxd5 exd5
15. Rc1 f6 16. Bg4 f5 17. Bf3 Bb7 18. Qb3 Kh8 19. Rfd1 Rad8 20. Rd2 f4 21. Bd4
Ba6 22. Qd1 Bb4 23. Rdc2 Qe8 24. Rc7 Rd7 25. e6 Re7 26. Bxd5 Qd8 27. Be5 Bc5
28. Rxe7 Qxe7 29. b4 Bd6 30. Bxd6 Qxd6 31. a3 Rd8 32. Bb3 Qe7 33. Qh5 Rf8 34.
Bc2 g5 35. Rd1 Bc8 36. Re1 Bb7 37. Re5 f3 38. g4 Rc8 39. Qf7 Qxf7 40. exf7 Kg7
41. Bb3 Rf8 42. Rxg5+ Kf6 43. Rg8 Ke7 44. Kh2 Be4 45. Kg3 a5 46. bxa5 bxa5 47.
Kf4 Bg6 48. Rxf8 Kxf8 49. Kxf3 Bxf7 50. Bxf7 Kxf7 51. Ke4 1-0

[Event "V4 OPEN - International Championship of Slovakia 2
[Site "Banska Stiavnica"]
[Date "2013.07.08"]
[Round "3"]
[Board "71"]
[White "Haring, Viktor"]
[Black "Ferkova, Dominika"]
[Result "1-0"]
[WhiteElo "2060"]
[BlackElo "1603"]
[PlyCount "93"]
[EventDate "2013.07.06"]
[EventRounds "9"]
[EventCountry "SVK"]

1. c4 e6 2. d4 d5 3. Nc3 Nf6 4. Bg5 Be7 5. Nf3 h6 6. Bh4 b6 7. cxd5 exd5 8. e3
Ba6 9. Bxa6 Nxa6 10. Qa4+ Nd7 11. Bxe7 Qxe7 12. Qxa6 O-O 13. Nxd5 Qd6 14. Nc3
Qg6 15. O-O c6 16. Qe2 Rfe8 17. Rac1 Rad8 18. Rfd1 Qd6 19. Qc2 Nf6 20. Ne5 Re6
21. Ne2 Rc8 22. Nf4 Re7 23. Qf5 Rec7 24. Nh5 Nxh5 25. Qxh5 Qe6 26. b3 Qd5 27.
Qf3 Qd6 28. Rc2 c5 29. Nc4 Qg6 30. Rcd2 b5 31. Ne5 Qe6 32. Qg4 Qd6 33. Qf5 c4
34. bxc4 bxc4 35. Rc2 Qe7 36. Rdc1 c3 37. Qd3 Qa3 38. d5 Rd8 39. Rd1 Rc5 40. e4
Rd6 41. Nc4 Qa6 42. Nxd6 Qxd6 43. Rxc3 Ra5 44. Rc8+ Kh7 45. e5+ Qg6 46. Qxg6+
Kxg6 47. d6 1-0

[Event "V4 OPEN - International Championship of Slovakia 2
[Site "Banska Stiavnica"]
[Date "2013.07.08"]
[Round "3"]
[Board "72"]
[White "Tropp, Oliver"]
[Black "Gregusova, Katarina"]
[Result "1-0"]
[WhiteElo "2059"]
[BlackElo "1544"]
[PlyCount "57"]
[EventDate "2013.07.06"]
[EventRounds "9"]
[EventCountry "SVK"]

1. c4 c5 2. Nf3 Nc6 3. b3 Nf6 4. Bb2 e6 5. g3 g6 6. Bg2 Bg7 7. O-O O-O 8. d3 d5
9. e3 dxc4 10. bxc4 Qc7 11. Qe2 b6 12. Ne1 Bb7 13. f4 Rad8 14. g4 Ne8 15. Nc3
Nd6 16. Nf3 Rd7 17. Ng5 Rfd8 18. Rad1 Nb4 19. a3 Bxg2 20. Kxg2 Nc6 21. f5 exf5
22. Nd5 Qc8 23. Bxg7 Kxg7 24. Qb2+ Kh6 25. Nf6 Rb7 26. h4 fxg4 27. Rf4 g3 28.
Ng4+ Kh5 29. Qg7 1-0

[Event "V4 OPEN - International Championship of Slovakia 2
[Site "Banska Stiavnica"]
[Date "2013.07.08"]
[Round "3"]
[Board "73"]
[White "Banduka, Zeljko"]
[Black "Surka, Marian"]
[Result "1-0"]
[WhiteElo "2168"]
[BlackElo "1746"]
[PlyCount "57"]
[EventDate "2013.07.06"]
[EventRounds "9"]
[EventCountry "SVK"]

1. d4 b6 2. e4 Bb7 3. Bd3 e6 4. Nf3 h6 5. c4 d5 6. exd5 exd5 7. O-O Nc6 8. cxd5
Qxd5 9. Be4 Qd7 10. Ne5 Qd6 11. Qa4 Nge7 12. Re1 O-O-O 13. Nxf7 Qd7 14. Nxd8
Kxd8 15. Bd2 Qd6 16. Nc3 a6 17. Be3 Kc8 18. d5 Ne5 19. Qe8+ Qd8 20. Qxd8+ Kxd8
21. d6 N7c6 22. dxc7+ Kxc7 23. Nd5+ Kb8 24. Nxb6 Nb4 25. Bf4 Bxe4 26. Rxe4 Kb7
27. Rxe5 Bd6 28. Re4 Bxf4 29. Rxb4 1-0

[Event "V4 OPEN - International Championship of Slovakia 2
[Site "Banska Stiavnica"]
[Date "2013.07.08"]
[Round "3"]
[Board "74"]
[White "Hudec, Timotej"]
[Black "Pesztericz, Laszlo"]
[Result "0-1"]
[WhiteElo "1644"]
[BlackElo "2132"]
[PlyCount "124"]
[EventDate "2013.07.06"]
[EventRounds "9"]
[EventCountry "SVK"]

1. e4 e5 2. Nf3 Nc6 3. Bb5 a6 4. Ba4 Nf6 5. O-O Be7 6. Re1 b5 7. Bb3 O-O 8. c3
d5 9. exd5 Nxd5 10. d4 exd4 11. Nxd4 Nxd4 12. cxd4 Bb7 13. Nc3 Nf6 14. Qe2 Bb4
15. a3 Ba5 16. Be3 Re8 17. Rac1 Qd7 18. h3 Rad8 19. Red1 h6 20. Qc2 Ne4 21.
Nxe4 Bxe4 22. Qc5 Bb6 23. Qc3 Qd6 24. Bc2 Qg6 25. Bxe4 Qxe4 26. Qd3 Qd5 27. b4
Re6 28. Rd2 Rg6 29. g3 Qf3 30. Kh2 h5 31. Bf4 Qxd3 32. Rxd3 Rxd4 33. Rxd4 Bxd4
34. Rxc7 Bxf2 35. Rc8+ Kh7 36. Rc7 Rf6 37. Rc2 Bb6 38. Rd2 h4 39. Kg2 hxg3 40.
Kxg3 Re6 41. Rd3 Kg6 42. Kg4 Kf6 43. Rf3 Ke7 44. Bg5+ f6 45. Bf4 g6 46. h4 Kf7
47. Bc1 Re4+ 48. Kg3 Bc7+ 49. Kh3 Be5 50. Bd2 Ke6 51. Bc3 f5 52. Bxe5 Kxe5 53.
Rc3 Rc4 54. Rg3 Rc6 55. h5 gxh5 56. Kh4 Ke4 57. Kxh5 f4 58. Rg8 Rf6 59. Kg4 f3
60. Re8+ Kd3 61. Rd8+ Kc3 62. Rd1 f2 0-1

[Event "V4 OPEN - International Championship of Slovakia 2
[Site "Banska Stiavnica"]
[Date "2013.07.08"]
[Round "3"]
[Board "75"]
[White "Sosovicka, Matej"]
[Black "Kahancova, Jana"]
[Result "1-0"]
[WhiteElo "2102"]
[BlackElo "1636"]
[PlyCount "51"]
[EventDate "2013.07.06"]
[EventRounds "9"]
[EventCountry "SVK"]

1. e4 e5 2. Nf3 Nc6 3. Bb5 a6 4. Ba4 Nf6 5. O-O d6 6. Re1 b5 7. Bb3 Be7 8. c3
Bg4 9. h3 Bh5 10. d3 O-O 11. Nbd2 Re8 12. Nf1 h6 13. Ng3 Bg6 14. Nh4 Bh7 15.
Nhf5 Bf8 16. a4 Ne7 17. Ne3 c6 18. Qf3 Ng6 19. Nef5 Be7 20. axb5 axb5 21. Rxa8
Qxa8 22. Nxe7+ Nxe7 23. Bxh6 d5 24. Bg5 Qd8 25. Bxf6 gxf6 26. Nh5 1-0

[Event "V4 OPEN - International Championship of Slovakia 2
[Site "Banska Stiavnica"]
[Date "2013.07.08"]
[Round "3"]
[Board "76"]
[White "Sedlacek, Richard"]
[Black "Mulenko, Alexander"]
[Result "0-1"]
[WhiteElo "1628"]
[BlackElo "2098"]
[PlyCount "134"]
[EventDate "2013.07.06"]
[EventRounds "9"]
[EventCountry "SVK"]

1. e4 c5 2. Bc4 Nc6 3. d3 g6 4. Bd2 Bg7 5. c3 e6 6. Be3 d5 7. Bb5 d4 8. Bf4
Nge7 9. Nf3 O-O 10. O-O e5 11. Bg3 Bg4 12. c4 a6 13. Ba4 Rb8 14. Bb3 Kh8 15. a3
Qb6 16. Nbd2 Rbe8 17. Qc2 h6 18. Rae1 g5 19. Ba4 a5 20. Nxe5 Nxe5 21. Bxe8 Rxe8
22. f4 gxf4 23. Bxf4 N7g6 24. g3 Bh3 25. Rf2 Ng4 26. Rf3 N6e5 27. Bxe5 Nxe5 28.
Rf4 Qe6 29. Nf3 Ng6 30. Rf5 Rc8 31. Rd5 Ne7 32. Qd2 Nxd5 33. exd5 Qf6 34. Ne5
Kh7 35. Qe2 Re8 36. Qe4+ Bf5 37. Ng4 Bxe4 38. Nxf6+ Bxf6 39. Rxe4 Rxe4 40. dxe4
Be5 41. Kf2 a4 42. Ke2 Kg6 43. Kf3 Kg5 44. h4+ Kg6 45. g4 h5 46. g5 Kg7 47. Ke2
Kf8 48. Kd3 Ke7 49. Ke2 Bg3 50. Kf3 Be5 51. Ke2 Kd6 52. Kf3 Bh2 53. Ke2 Bf4 54.
Kf3 Bc1 55. Kg3 Ke5 56. Kf3 Bxb2 57. d6 Kxd6 58. Kf4 Ke6 59. e5 Bxa3 60. g6
Bc1+ 61. Ke4 fxg6 62. Kd3 Kxe5 63. Kc2 a3 64. Kb3 d3 65. Kc3 d2 66. Kc2 a2 67.
Kb3 d1=Q+ 0-1

[Event "V4 OPEN - International Championship of Slovakia 2
[Site "Banska Stiavnica"]
[Date "2013.07.08"]
[Round "3"]
[Board "78"]
[White "Popelka, Oldrich"]
[Black "Jancsy, Peter"]
[Result "1-0"]
[WhiteElo "2094"]
[BlackElo "1613"]
[PlyCount "117"]
[EventDate "2013.07.06"]
[EventRounds "9"]
[EventCountry "SVK"]

1. c4 e5 2. Nc3 Nf6 3. g3 Bc5 4. Bg2 O-O 5. e3 c6 6. Nge2 d5 7. cxd5 cxd5 8. d4
exd4 9. exd4 Bb4 10. O-O Re8 11. Qb3 Bxc3 12. Nxc3 Nc6 13. Be3 Na5 14. Qb4 a6
15. Bg5 Be6 16. Na4 Nc6 17. Qd2 h6 18. Bf4 Nh7 19. h4 g5 20. hxg5 hxg5 21. Be3
f6 22. Nc5 b6 23. Nxe6 Rxe6 24. Bh3 Re7 25. Bf5 Rg7 26. Rac1 Ne7 27. Be6+ Kh8
28. Qc2 Nf8 29. Bg4 Rh7 30. Kg2 Nfg6 31. Rh1 Qf8 32. Rxh7+ Kxh7 33. Be6 Qe8 34.
Qc7 b5 35. Rc5 Kh6 36. Qb7 Qb8 37. Bxd5 Qxb7 38. Bxb7 Ra7 39. Be4 f5 40. Bxf5
Nf8 41. Bg4 Nh7 42. d5 Nf6 43. Be6 Ne4 44. Rxb5 axb5 45. Bxa7 Ng6 46. Kf3 Nd2+
47. Ke2 Nc4 48. b3 Na5 49. a4 bxa4 50. bxa4 Nc4 51. Bb8 Nf8 52. Bc7 Nxe6 53.
dxe6 Kg6 54. e7 Kf7 55. Bd8 Ne5 56. a5 Nc6 57. a6 Ke8 58. Ke3 Na7 59. Ke4 1-0

[Event "V4 OPEN - International Championship of Slovakia 2
[Site "Banska Stiavnica"]
[Date "2013.07.08"]
[Round "3"]
[Board "79"]
[White "Giertli, Vladimir"]
[Black "Miklasova, Emma"]
[Result "1/2-1/2"]
[WhiteElo "2093"]
[BlackElo "1601"]
[PlyCount "62"]
[EventDate "2013.07.06"]
[EventRounds "9"]
[EventCountry "SVK"]

1. e4 e5 2. Nf3 Nc6 3. Bb5 a6 4. Ba4 Nf6 5. d3 d6 6. c3 g6 7. Nbd2 Bg7 8. O-O
O-O 9. Re1 Be6 10. Nf1 Qe7 11. Bg5 Nd8 12. Qd2 Bc8 13. Ne3 Ne6 14. Nd5 Qd8 15.
Bh6 Ng4 16. Bxg7 Nxg7 17. Rad1 b5 18. Bc2 Bb7 19. d4 Re8 20. h3 Nf6 21. Nxf6+
Qxf6 22. Qh6 Ne6 23. Qe3 Qf4 24. Qe2 Ng5 25. Nxg5 Qxg5 26. g3 Bc8 27. Kg2 h5
28. h4 Qf6 29. Bb3 Be6 30. d5 Bd7 31. Qe3 Qg7 1/2-1/2

[Event "V4 OPEN - International Championship of Slovakia 2
[Site "Banska Stiavnica"]
[Date "2013.07.08"]
[Round "3"]
[Board "80"]
[White "Piovar, Jaroslav"]
[Black "Koval, Maros"]
[Result "1/2-1/2"]
[WhiteElo "1564"]
[BlackElo "2084"]
[PlyCount "60"]
[EventDate "2013.07.06"]
[EventRounds "9"]
[EventCountry "SVK"]

1. d4 Nf6 2. c4 d6 3. Nc3 g6 4. e4 Bg7 5. f4 O-O 6. Nf3 c5 7. d5 Bg4 8. Be2 Na6
9. O-O Nc7 10. h3 Bxf3 11. Bxf3 Rb8 12. a4 a6 13. a5 b5 14. axb6 Rxb6 15. e5
Nd7 16. exd6 exd6 17. Qc2 Rb4 18. b3 f5 19. Bd2 Qf6 20. Rae1 Rfb8 21. Rb1 R4b7
22. Rfe1 h6 23. Kh1 Kh7 24. Ne2 Qf7 25. Nc3 Nf6 26. Kh2 h5 27. Na2 Bh6 28. Qc3
Rg8 29. Qd3 h4 30. b4 cxb4 1/2-1/2

[Event "V4 OPEN - International Championship of Slovakia 2
[Site "Banska Stiavnica"]
[Date "2013.07.08"]
[Round "3"]
[Board "81"]
[White "Uhrin, Milan"]
[Black "Fiala, Jan"]
[Result "0-1"]
[WhiteElo "1394"]
[BlackElo "2055"]
[PlyCount "60"]
[EventDate "2013.07.06"]
[EventRounds "9"]
[EventCountry "SVK"]

1. e4 e5 2. Nf3 Nc6 3. Bc4 Nf6 4. Nc3 Nxe4 5. Bxf7+ Kxf7 6. Nxe4 d5 7. Neg5+
Kg8 8. c3 e4 9. Nxe4 Qe7 10. d3 dxe4 11. dxe4 Qxe4+ 12. Be3 Be6 13. O-O Rd8 14.
Qc1 h6 15. Re1 Qd5 16. h3 Bxh3 17. Nh4 Bf5 18. b4 Kh7 19. Qb2 Bd6 20. b5 Ne7
21. Bxa7 b6 22. Nf3 Qb7 23. Bxb6 cxb6 24. Nh4 Rhf8 25. c4 Ng6 26. Nxf5 Rxf5 27.
Qc2 Rg5 28. f3 Qxf3 29. Re2 Bc5+ 30. Rf2 Qxg2# 0-1